<?xml version="1.0" encoding="UTF-8"?>
<record
    xmlns:xsi="http://www.w3.org/2001/XMLSchema-instance"
    xsi:schemaLocation="http://www.loc.gov/MARC21/slim http://www.loc.gov/standards/marcxml/schema/MARC21slim.xsd"
    xmlns="http://www.loc.gov/MARC21/slim">

  <leader>02693cam a22004574i 4500</leader>
  <controlfield tag="003">PE-LiUPU</controlfield>
  <controlfield tag="005">20250731173051.0</controlfield>
  <controlfield tag="008">180108s                r     000 0 spa d</controlfield>
  <datafield tag="020" ind1=" " ind2=" ">
    <subfield code="a">9781602585737</subfield>
  </datafield>
  <datafield tag="035" ind1=" " ind2=" ">
    <subfield code="a">(Sirsi) a240897</subfield>
  </datafield>
  <datafield tag="082" ind1="0" ind2="4">
    <subfield code="a">222.15077</subfield>
    <subfield code="b">R71</subfield>
    <subfield code="2">23</subfield>
  </datafield>
  <datafield tag="100" ind1="1" ind2=" ">
    <subfield code="a">Robson, James</subfield>
    <subfield code="q">(James E.),</subfield>
    <subfield code="e"> autor.</subfield>
  </datafield>
  <datafield tag="245" ind1=" " ind2=" ">
    <subfield code="a">Deuteronomy 1-11 :</subfield>
    <subfield code="b">a handbook on the Hebrew text /</subfield>
    <subfield code="c"> James E. Robson.</subfield>
  </datafield>
  <datafield tag="264" ind1=" " ind2="1">
    <subfield code="a">Waco, Texas :</subfield>
    <subfield code="b"> Baylor University Press,</subfield>
    <subfield code="c"> [2016]</subfield>
  </datafield>
  <datafield tag="300" ind1=" " ind2=" ">
    <subfield code="a">xii, 372 pages ;</subfield>
    <subfield code="c"> 21 cent&#xED;metros.</subfield>
  </datafield>
  <datafield tag="336" ind1=" " ind2=" ">
    <subfield code="a">text</subfield>
    <subfield code="2">rdacontent</subfield>
  </datafield>
  <datafield tag="337" ind1=" " ind2=" ">
    <subfield code="a">unmediated</subfield>
    <subfield code="2">rdamedia</subfield>
  </datafield>
  <datafield tag="338" ind1=" " ind2=" ">
    <subfield code="a">volume</subfield>
    <subfield code="2">rdacarrier</subfield>
  </datafield>
  <datafield tag="490" ind1="0" ind2=" ">
    <subfield code="a">Baylor handbook on the Hebrew Bible</subfield>
  </datafield>
  <datafield tag="504" ind1=" " ind2=" ">
    <subfield code="a">Bibliograf&#xED;a : p&#xE1;ginas 359-365.</subfield>
  </datafield>
  <datafield tag="504" ind1=" " ind2=" ">
    <subfield code="a">&#xCD;ndices : p&#xE1;ginas 366-372.</subfield>
  </datafield>
  <datafield tag="505" ind1="0" ind2=" ">
    <subfield code="a">Moses' First Address: 1:1-4:49. Deuteronomy 1:1-5 -- Deuteronomy 1:6-8 -- Deuteronomy 1:9-18 -- Deuteronomy 1:19-25 -- Deuteronomy 1:26-33 -- Deuteronomy 1:34-40 -- Deuteronomy 1:41-2:1 -- Deuteronomy 2:2-8a-- Deuteronomy 2:8b-15 -- Deuteronomy 2:16-25 -- Deuteronomy 2:26-37 -- Deuteronomy 3:1-7 -- Deuteronomy 3:8-17 -- Deuteronomy 3:18-22 -- Deuteronomy 3:23-29 -- Deuteronomy 4:1-8 -- Deuteronomy 4:9-14 -- Deuteronomy 4:15-22 -- Deuteronomy 4:23-31 -- Deuteronomy 4:32-40 -- Deuteronomy 4:41-43 -- Deuteronomy 4:44-49 -- Moses's Second Address: 5:1 -- 11:32 (26:19). Deuteronomy 5:1-5 -- Deuteronomy 5:22-33 -- Deuteronomy 6:1-3 -- Deuteronomy 6:4-9 -- Deuteronomy 6:10-19 -- Deuteronomy 6:20-25 -- Deuteronomy 7:1-6a -- Deuteronomy 7:6b-11 -- Deuteronomy 7:12-16 -- Deuteronomy 7:17-24 -- Deuteronomy 7:25-26 -- Deuteronomy 8:1-10 -- Deuteronomy 8:11-20 -- Deuteronomy 9:1-6 -- Deuteronomy 9 :7-24 -- Deuteronomy 9:25-29 -- Deuteronomy 10:1-11 -- Deuteronomy 10:12-11:1 -- Deuteronomy 11:2-9 -- Deuteronomy 11:10-12 -- Deuteronomy 11:13-17 -- Deuteronomy 11:18-21 -- Deuteronomy 11:22-25 -- Deuteronomy 11:26-32. Glossary. Works Cited. Author Index. Subject Index.</subfield>
  </datafield>
  <datafield tag="526" ind1=" " ind2=" ">
    <subfield code="a">SEG42</subfield>
  </datafield>
  <datafield tag="526" ind1=" " ind2=" ">
    <subfield code="a">SEG41</subfield>
  </datafield>
  <datafield tag="526" ind1=" " ind2=" ">
    <subfield code="a">SEG40</subfield>
  </datafield>
  <datafield tag="526" ind1=" " ind2=" ">
    <subfield code="a">SEG39</subfield>
  </datafield>
  <datafield tag="526" ind1=" " ind2=" ">
    <subfield code="a">P94</subfield>
  </datafield>
  <datafield tag="526" ind1=" " ind2=" ">
    <subfield code="a">P87</subfield>
  </datafield>
  <datafield tag="526" ind1=" " ind2=" ">
    <subfield code="a">P86</subfield>
  </datafield>
  <datafield tag="526" ind1=" " ind2=" ">
    <subfield code="a">P85</subfield>
  </datafield>
  <datafield tag="526" ind1=" " ind2=" ">
    <subfield code="a">P77</subfield>
  </datafield>
  <datafield tag="526" ind1=" " ind2=" ">
    <subfield code="a">P76</subfield>
  </datafield>
  <datafield tag="526" ind1=" " ind2=" ">
    <subfield code="a">P35</subfield>
  </datafield>
  <datafield tag="630" ind1="0" ind2="4">
    <subfield code="a">Bible.</subfield>
    <subfield code="p">Deuteronomy, I-XI</subfield>
    <subfield code="x">Criticism, interpretation, etc.</subfield>
  </datafield>
  <datafield tag="630" ind1="0" ind2="4">
    <subfield code="a">Biblia.</subfield>
    <subfield code="p">Deuteronomio, I-XI</subfield>
    <subfield code="x">Criticismo, interpretaci&#xF3;n, etc.</subfield>
  </datafield>
  <datafield tag="910" ind1=" " ind2=" ">
    <subfield code="a">dbm</subfield>
    <subfield code="b">ebj</subfield>
    <subfield code="c">ebj</subfield>
    <subfield code="d">20171205</subfield>
  </datafield>
  <datafield tag="596" ind1=" " ind2=" ">
    <subfield code="a">1</subfield>
  </datafield>
  <datafield tag="942" ind1=" " ind2=" ">
    <subfield code="2">ddc</subfield>
    <subfield code="c">BOOK</subfield>
  </datafield>
  <datafield tag="999" ind1=" " ind2=" ">
    <subfield code="a">222.15077 R71</subfield>
    <subfield code="w">DEWEY</subfield>
    <subfield code="c">26591</subfield>
    <subfield code="i">77880</subfield>
    <subfield code="d">26591</subfield>
    <subfield code="f">2021-11-9</subfield>
    <subfield code="g">4</subfield>
    <subfield code="l">CCODEBUL1</subfield>
    <subfield code="m">BUL</subfield>
    <subfield code="p">24.97</subfield>
    <subfield code="q">1</subfield>
    <subfield code="r">0</subfield>
    <subfield code="s">Y</subfield>
    <subfield code="t">BOOK</subfield>
    <subfield code="u">2018-1-8</subfield>
    <subfield code="x">TEOLOGIA</subfield>
    <subfield code="P">P85</subfield>
    <subfield code="0">COMPRA</subfield>
    <subfield code="o">.STAFF. Colecci&#xF3;n Teolog&#xED;a.</subfield>
  </datafield>
  <datafield tag="980" ind1=" " ind2=" ">
    <subfield code="8">1</subfield>
    <subfield code="g">ALBERTO SANCHEZ Responsable de Automatizaci&#xF3;n</subfield>
  </datafield>
  <datafield tag="952" ind1=" " ind2=" ">
    <subfield code="r">2025-12-02 00:00:00</subfield>
    <subfield code="i">5</subfield>
    <subfield code="l">4</subfield>
    <subfield code="o">222.15077 R71</subfield>
    <subfield code="p">77880</subfield>
    <subfield code="s">2025-05-07</subfield>
    <subfield code="t">e1</subfield>
    <subfield code="v">29.97</subfield>
    <subfield code="w">2018-01-08</subfield>
    <subfield code="x">PG</subfield>
    <subfield code="y">BK</subfield>
    <subfield code="z">inventario-2023-12-13</subfield>
    <subfield code="1">0</subfield>
    <subfield code="2">ddc</subfield>
    <subfield code="5">0</subfield>
    <subfield code="7">0</subfield>
    <subfield code="8">GEN</subfield>
    <subfield code="f">P85</subfield>
    <subfield code="a">BUL</subfield>
    <subfield code="b">BUL</subfield>
    <subfield code="c">GEN</subfield>
    <subfield code="d">2018-01-08</subfield>
    <subfield code="e">COMPRA</subfield>
    <subfield code="g">24.97</subfield>
  </datafield>
</record>
